Loading...
| Beliefs | 1 | 5 | 1 | 4 | 60 | 44 | 104.67 | 1 | 3 | 0.00 | 0.00 |
| Literature - American | 1 | 4 | 0 | 1 | 55 | 55 | 104.00 | 0 | 3 | 0.00 | 0.00 |
| 2 | 2 | 1 | 0 | 45 | 43 | 84.50 | 1 | 3 | 0.00 | 0.00 | |
| History - American | 1 | 3 | 1 | 1 | 40 | 60 | 87.50 | 1 | 4 | 0.00 | 0.00 |
| Other Arts: Visual | 1 | 2 | 0 | 0 | 35 | 71 | 94.00 | 1 | 2 | 0.00 | 0.00 |
| History - World | 0 | 3 | 0 | 0 | 30 | 75 | 86.33 | 0 | 2 | 0.00 | 0.00 |
| Literature - European | 0 | 3 | 1 | 0 | 25 | 68 | 88.67 | 1 | 2 | 0.00 | 0.00 |
| History - European | 0 | 3 | 1 | 0 | 25 | 113 | 116.67 | 0 | 3 | 0.00 | 0.00 |
| Fine Arts - Visual | 0 | 3 | 2 | 0 | 20 | 69 | 99.33 | 1 | 3 | 0.00 | 0.00 |
| Geography | 0 | 2 | 0 | 0 | 20 | 111 | 120.50 | 0 | 1 | 0.00 | 0.00 |
| Science - Chemistry | 0 | 2 | 0 | 0 | 20 | 94 | 120.00 | 0 | 0 | 0.00 | 0.00 |
| Fine Arts - Auditory | 0 | 2 | 1 | 1 | 15 | 89 | 94.50 | 0 | 0 | 0.00 | 0.00 |
| Literature - British | 0 | 2 | 1 | 0 | 15 | 97 | 99.50 | 0 | 1 | 0.00 | 0.00 |
| World and Other Literature | 0 | 1 | 0 | 0 | 10 | 79 | 79.00 | 0 | 1 | 0.00 | 0.00 |
| Chemistry> | 0 | 1 | 0 | 0 | 10 | 97 | 97.00 | 0 | 0 | 0.00 | 0.00 |
| Other Arts: Auditory | 0 | 1 | 0 | 1 | 10 | 128 | 128.00 | 0 | 1 | 0.00 | 0.00 |
| Philosophy | 0 | 1 | 0 | 0 | 10 | 114 | 114.00 | 0 | 0 | 0.00 | 0.00 |
| Science - Biology | 0 | 1 | 0 | 0 | 10 | 73 | 73.00 | 0 | 1 | 0.00 | 0.00 |
| Social Science | 0 | 1 | 0 | 0 | 10 | 94 | 94.00 | 1 | 1 | 0.00 | 0.00 |
| Current Events | 0 | 1 | 2 | 0 | 0 | 151 | 151.00 | 0 | 1 | 0.00 | 0.00 |
| Science - Physics | 0 | 0 | 1 | 0 | -5 | 0.00 | 0 | 0 | 0.00 | 0.00 | |
| British and Commonwealth History | 0 | 0 | 1 | 0 | -5 | 0.00 | 0 | 0 | 0.00 | 0.00 |